000 00494nam a2200193Ia 4500
005 20250326142800.0
008 250326s9999 xx 000 0 und d
037 _aTextbook
040 _aFMSL
_beng
_cFMSL
041 _aeng
_2eng
084 _qFMSL
100 _aDavis K
_9292457
245 0 _aBusiness and society
_cDavis K; Frederick W C
250 _aEd 5
260 _aMcGraw-Hil
_bMcGraw-Hil, International
_c1984
300 _a606p
942 _cTB
999 _c1296605
_d1296605